| 000 | 00314nam a2200121Ia 4500 | ||
|---|---|---|---|
| 008 | 230907s9999||||xx |||||||||||||| ||und|| | ||
| 082 |
_a512.5 _bWIL |
||
| 100 |
_aWilliams, Gareth, _98896 |
||
| 245 | 0 | _aLinear algebra with applications / | |
| 300 | _axvii, 594 pages : | ||
| 650 |
_aTextbooks. _98511 |
||
| 942 | _cBK | ||
| 999 |
_c599991 _d599991 |
||